Talambuhay ng mga manunulat / (Record no. 10184)

MARC details
000 -LEADER
fixed length control field 00751nam a22002417i 4500
003 - CONTROL NUMBER IDENTIFIER
control field URS
005 - DATE AND TIME OF LATEST TRANSACTION
control field 20220117095834.0
008 - FIXED-LENGTH DATA ELEMENTS--GENERAL INFORMATION
fixed length control field 160925b xxu||||| |||| 00| 0 eng d
020 ## - INTERNATIONAL STANDARD BOOK NUMBER
International Standard Book Number 9710867628
040 ## - CATALOGING SOURCE
Description conventions rda
Transcribing agency URS
Language of cataloging Tagalog
050 ## - LIBRARY OF CONGRESS CALL NUMBER
Classification number PL6061.1
Item number .L887 2007
100 ## - MAIN ENTRY--PERSONAL NAME
Personal name Lorenzo, Carmelita S.,
Relator term author.
245 ## - TITLE STATEMENT
Title Talambuhay ng mga manunulat /
Statement of responsibility, etc Carmelita Siazon-Lorenzo.
264 #1 - PUBLICATION, DISTRIBUTION, ETC. (IMPRINT)
Place of publication, distribution, etc Mandaluyong City :
Name of publisher, distributor, etc National Book Store,
Date of publication, distribution, etc ©2007.
300 ## - PHYSICAL DESCRIPTION
Extent x, 103 pages ;
Dimensions 22 cm.
336 ## - CONTENT TYPE
Content type term text
Content type code txt
Source rdacontent
337 ## - MEDIA TYPE
Media type term unmediated
Media type code n
Source rdamedia
338 ## - CARRIER TYPE
Carrier type term volume
Carrier type code nc
Source rdacarrier
504 ## - BIBLIOGRAPHY, ETC. NOTE
Bibliography, etc Includes bibliographical references.
650 #0 - SUBJECT ADDED ENTRY--TOPICAL TERM
Topical term or geographic name as entry element Writers
Form subdivision Biography.
650 #0 - SUBJECT ADDED ENTRY--TOPICAL TERM
Topical term or geographic name as entry element Filipino writers
Form subdivision Biography.
942 ## - ADDED ENTRY ELEMENTS (KOHA)
Source of classification or shelving scheme Library of Congress Classification
Koha item type Filipiniana
Holdings
Withdrawn status Lost status Source of classification or shelving scheme Damaged status Not for loan Collection code Home library Current library Shelving location Date acquired Source of acquisition Cost, normal purchase price Total Checkouts Full call number Barcode Date last seen Copy number Cost, replacement price Koha item type
    Library of Congress Classification     Non-fiction Taytay College Library Taytay College Library Filipiniana Section 11/10/2009 Purchased 235.00   PL6061.1 .L887 2007 URSTAY-2830 06/02/2025 1 235.00 Filipiniana
    Library of Congress Classification     Non-fiction Taytay College Library Taytay College Library Filipiniana Section 11/10/2009 Purchased 235.00   PL6061.1 .L887 2007 URSTAY-2831 06/02/2025 2 235.00 Filipiniana
    Library of Congress Classification     Non-fiction Taytay College Library Taytay College Library Foreign Section 11/10/2009 Purchase 235.00   PL6061.1 .L887 2007 URSTAY-2832 06/02/2025 3 235.00 Filipiniana
    Library of Congress Classification     Non-fiction Taytay College Library Taytay College Library Filipiniana Section 11/10/2009 Purchased 235.00   PL6061.1 .L887 2007 URSTAY-2833 06/02/2025 4 235.00 Filipiniana
    Library of Congress Classification     Non-fiction Taytay College Library Taytay College Library Filipiniana Section 11/10/2009 Purchased 235.00   PL6061.1 .L887 2007 URSTAY-2834 06/02/2025 5 235.00 Filipiniana

University of Rizal System
Email us at univlibservices@urs.edu.ph

Visit our Website www.urs.edu.ph/library